| 000 | 00567nam a2200169 i 4500 | ||
|---|---|---|---|
| 001 | 129785 | ||
| 003 | ES-MaACL | ||
| 005 | 20250930063120.0 | ||
| 007 | t| | ||
| 008 | 070705q1878 sp ||||1| fre d | ||
| 100 | 1 |
_aZuaznavar, Mariano, _d1841-1916 _9118383 |
|
| 245 | 1 | 0 |
_aTables de projections pour la levée des plans de mines, calculées de minute en minute / _cpar Mariano Zuaznavar. |
| 260 |
_aSaint Sébastien : _b[s.n.], _c1878 ( _fImp. de Juan Osés) |
||
| 300 |
_aVII, 450 p. ; _c19 cm. |
||
| 852 |
_aES-MaACL _jB-6720 |
||
| 999 |
_c129785 _d129785 |
||